Understanding greying people of India / (Record no. 67802)

MARC details
000 -LEADER
fixed length control field 00537nam a22001457a 4500
005 - DATE AND TIME OF LATEST TRANSACTION
control field 20120611124957.0
020 ## - INTERNATIONAL STANDARD BOOK NUMBER
International Standard Book Number 812100392X
Terms of availability 00
035 ## - SYSTEM CONTROL NUMBER
System control number B-9321
037 ## - SOURCE OF ACQUISITION
Stock number DPL
Source of stock number/acquisition ENG
245 ## - TITLE STATEMENT
Title Understanding greying people of India /
Statement of responsibility, etc edited by Arun P. Bali
260 ## - PUBLICATION, DISTRIBUTION, ETC. (IMPRINT)
Place of publication, distribution, etc New Delhi
Name of publisher, distributor, etc Inter-India Publications
Date of publication, distribution, etc 1999
300 ## - PHYSICAL DESCRIPTION
Extent 303p.
Dimensions 20 cms.
942 ## - ADDED ENTRY ELEMENTS (KOHA)
Source of classification or shelving scheme Dewey Decimal Classification
Item type English Books
Classification part 362.19897
Call number suffix BAL
Holdings
Withdrawn status Lost status Not for loan Collection code Home library Current library Date acquired Cost, normal purchase price Full call number Barcode Cost, replacement price Koha item type
      Non-fiction Sarojini Nagar Sarojini Nagar 11/06/2012 0.00 362.19897 BAL B-9321 0.00 English Books

© Delhi Public Library
Hit Counter
free hit counter